000
00301cam a22001217a 4500
008
180718b1985 xxu||||| |||| 00| 0 eng d
082
_a
N4x54 Se55
100
_a
Sen, Sankar
245
_a
Police today
_c
by Sankar Sen
260
_a
New Delhi
_b
Ashish
_c
1985
300
_a
195p.
650
_a
Police - India
999
_c
354077
_d
354077